000 00853nam a2200229 a 4500
001 64819
003 BD-RjUL
005 20211209081344.0
008 170222s2007 bg |||| |||| 000 0 ben d
020 _a9848321659
_c: Tk. 340.00
035 _a(BD-RjUL)64949
040 _aBD-RjUL
_bben
_cBD-RjUL
_dBD-RjUL
041 _aben
082 _223
_a954.92
_bMAB 2007
100 1 _aমান্নান, মোহাম্মদ আবদুল
_9192182
245 1 _a'বঙ্গভঙ্গ' থেকে বাংলাদেশ /
_cমোহাম্মদ আবদুল মান্নান
260 _aঢাকা :
_bকথামালা ;
_c২০০৭
300 _a৩৩৬ পৃ. :
_c১৯ সেমি.
651 _aবাংলাদেশ
_xইতিহাস
_9192183
651 _aBangladesh
_xHistory
_9191912
942 _2ddc
_cBK
999 _c64819
_d64819